Electricity and magnetism (Record no. 64487)

000 -LEADER
fixed length control field 00439nam a22001817a 4500
003 - CONTROL NUMBER IDENTIFIER
control field NUST - PNEC
005 - DATE AND TIME OF LATEST TRANSACTION
control field 20170116180847.0
008 - FIXED-LENGTH DATA ELEMENTS--GENERAL INFORMATION
fixed length control field 150824b xxu||||| |||| 00| 0 eng d
020 ## - INTERNATIONAL STANDARD BOOK NUMBER
International Standard Book Number 8121906679
040 ## - CATALOGING SOURCE
Transcribing agency LIBRARY
082 ## - DEWEY DECIMAL CLASSIFICATION NUMBER
Classification number 537.TEW
100 ## - MAIN ENTRY--PERSONAL NAME
9 (RLIN) 5494
Personal name Tewari, K. K
245 ## - TITLE STATEMENT
Title Electricity and magnetism
Statement of responsibility, etc. K.K Tewari
250 ## - EDITION STATEMENT
Edition statement 1st ed
260 ## - PUBLICATION, DISTRIBUTION, ETC.
Date of publication, distribution, etc. c1987/2004
650 ## - SUBJECT ADDED ENTRY--TOPICAL TERM
9 (RLIN) 5495
Topical term or geographic name entry element Electricity
General subdivision EE.EL
942 ## - ADDED ENTRY ELEMENTS (KOHA)
Source of classification or shelving scheme
Koha item type Book
Holdings
Withdrawn status Lost status Source of classification or shelving scheme Damaged status Not for loan Permanent Location Current Location Shelving location Date acquired Total Checkouts Full call number Barcode Date last seen Price effective from Koha item type
          Pakistan Navy Engineering College (PNEC) Pakistan Navy Engineering College (PNEC)       537.TEW PNECLIB-026775 08/24/2015   Book
© 2023 Central Library, National University of Sciences and Technology. All Rights Reserved.